Logo BPK

Biblioteka

Politechniki Koszalińskiej

Wykres żelazo - węgiel w rozwoju historycznym / (Rekord nr 12372)

Szczegóły MARC
000 -ETYKIETA REKORDU
podpole kontrolne o stałej długości 01095nam a2200277 i 4500
001 - NUMER KONTROLNY REKORDU
pole kontrolne 12372
003 - IDENTYFIKATOR NUMERU KONTROLNEGO REKORDU
podpole kontrolne KOSZ 005
005 - DATA OSTATNIEJ MODYFIKACJI REKORDU
podpole kontrolne 20191122083041.0
008 - POLE O STAŁEJ DŁUGOŚCI - DANE KONTROLNE
podpole kontrolne o stałej długości 080619s1963 pl a f 000 0 pol
015 ## - NUMER BIBLIOGRAFII NARODOWEJ
Numer bibliografii narodowej PB 1963/8032
040 ## - ŹRÓDŁO KATALOGOWANIA
Instytucja, która sporządziła opis WA N
Instytucja, która utworzyła rekord KOSZ 005/RW
Instytucja, która dokonała modyfikacji KOSZ 005/RW
041 0# - KOD JĘZYKA
Kod języka tekstu pol
Kod języka streszczenia lub abstraktu eng
-- rus
080 ## - UNIWERSALNA KLASYFIKACJA DZIESIĘTNA - UKD
UKD 669.90
100 1# - NAZWA OSOBOWA
Nazwa osobowa Tyrkiel, Eugeniusz
Daty związane z nazwą (1919-2010)
Określenie rodzaju współpracy Autor
245 10 - TYTUŁ/ODPOWIEDZIALNOŚĆ
Tytuł Wykres żelazo - węgiel w rozwoju historycznym /
Pozostałe elementy strefy tytułu i oznaczenia odpowiedzialności Eugeniusz Tyrkiel ; Zakład Historii Nauki i Techniki Polskiej Akademii Nauk.
260 ## - STREFA ADRESU WYDAWNICZEGO
Miejsce wydania Wrocław :
Nazwa wydawcy/dystrybutora Zakład Narodowy im. Ossolińskich Wydawnictwo PAN,
Data publikacji, dystrybucji/powstania dokumentu 1963.
300 ## - STREFA OPISU FIZYCZNEGO
Objętość 308 s. :
Inne cechy fizyczne il. ;
Rozmiary 24 cm.
380 ## - FORMA I TYP PUBLIKACJI
Forma i typ publikacji Książki.
490 1# - STREFA SERII I DOKUMENTU WIELOCZĘŚCIOWEGO - FORMA NIE DO WYSZUKIWANIA
Tytuł i oznaczenie odpowiedzialności serii Monografie z Dziejów Nauki i Techniki ;
Numeracja w obrębie serii 21.
504 ## - UWAGA DOTYCZĄCA BIBLIOGRAFII
Informacje o bibliografii Bibliogr. s. [264]-299.
546 ## - UWAGA O JĘZYKU
Uwaga o języku Streszcz. ang., ros.
710 2# - HASŁO DODATKOWE - NAZWA CIAŁA ZBIOROWEGO
Nazwa ciała zbiorowego lub jednostki geograficznej Zakład Narodowy im. Ossolińskich
Nazwa jednostki podrzędnej Wydawnictwo
Kod określenia powiązania pbl.
830 #0 - HASŁO DODATKOWE SERII LUB DOKUMENTU WIELOCZĘŚCIOWEGO - TYTUŁ UJEDNOLICONY
Tytuł ujednolicony Monografie z Dziejów Nauki i Techniki,
Oznaczenie tomu t. 21.
856 ## - LOKALIZACJA I DOSTĘP DO ELEKTRONICZNYCH DOKUMENTÓW ZDALNYCH
Link (URL) http://koha.tu.koszalin.pl/cgi-bin/koha/opac-detail.pl?biblionumber=12372
Tekst linku Katalog online BPK
942 ## - DODATKOWE ELEMENTY (KOHA)
Schemat klasyfikacji Uniwersalna Klasyfikacja Dziesiętna
Typ dokumentu Książka
Egzemplarze
Wycofany Status egzemplarza Uszkodzony Dostępność Lokalizacja stała Lokalizacja bieżąca Miejsce przechowywania Sygnatura Kod kreskowy Typ dokumentu
      Dostępny Biblioteka Politechniki Koszalińskiej Biblioteka Politechniki Koszalińskiej Wypożyczalnia BG 6696 01600544 Książka
© 2023 Biblioteka Politechniki Koszalińskiej :: KOHA